|
|
|
|
| LEADER |
01361nam a2200301 a 4500 |
| 001 |
378 |
| 003 |
BD-DhAAL |
| 005 |
20241008154816.0 |
| 008 |
150615s1993 iaua b 001 0 eng |
| 010 |
|
|
|a 92070940
|
| 020 |
|
|
|a 0697129152
|
| 040 |
|
|
|a DLC
|c DLC
|d BD-DhAAL
|
| 050 |
0 |
0 |
|a P95
|b .B76 1993
|
| 082 |
0 |
0 |
|a 302.2242
|2 20
|
| 100 |
1 |
|
|a Brooks, William Dean,
|d 1929-
|9 12090
|
| 245 |
1 |
0 |
|a Speech communication /
|c William D. Brooks and Robert W. Heath.
|
| 250 |
|
|
|a Seventh edition.
|
| 260 |
|
|
|a Madison, Wis. :
|b Brown & Benchmark,
|c c1993.
|
| 300 |
|
|
|a viii, 392 pages :
|b illustrations ;
|c 25 cm.
|
| 504 |
|
|
|a Includes bibliographical references and indexes.
|
| 541 |
|
|
|a Donation from the Asia Foundation/ Savar Campus
|e 378, 43514
|
| 650 |
|
0 |
|a Oral communication.
|9 12091
|
| 700 |
1 |
|
|a Heath, Robert W.
|q (Robert William),
|d 1931-
|9 12092
|
| 852 |
|
|
|a Ayesha Abed Library
|c General Stacks
|
| 942 |
|
|
|2 ddc
|c BK
|
| 999 |
|
|
|c 34728
|d 34728
|
| 952 |
|
|
|0 0
|1 0
|2 ddc
|4 0
|6 302_224200000000000_BRO
|7 0
|9 54388
|a SCL
|b SCL
|c GEN
|d 2015-06-17
|e Gift: The Asia Foundation
|l 1
|m 8
|o 302.2242 BRO
|p 3020003915
|r 2026-05-09
|s 2026-03-02
|t 1
|w 2015-06-17
|y BK
|
| 952 |
|
|
|0 0
|1 0
|2 ddc
|4 0
|6 302_224200000000000_BRO
|7 0
|9 76679
|a SCL
|b SCL
|c GEN
|d 2024-10-08
|e Donation from the Asia Foundation/ Savar Campus
|l 0
|o 302.2242 BRO
|p 3020043514
|r 2024-10-08
|t 2
|w 2024-10-08
|y BK
|x Price not available in register.
|